000 00405nam a2200145Ia 4500
008 150201s2000 xx 000 0 und d
082 _a612.015
_bB2OOOH
100 _aHARBANS LAL
245 2 _aA TEXT BOOK OF BIOCHEMISTRY FOR DENTAL STUDENTS
250 _a2ND
260 _bC.B.S PUBLISHERS & DISTRIBUTERS
_aDARYAGANJ (NEW DELHI)
_c2000
300 _a1-276
650 _aBIOCHEMISTRY
942 _2ddc
_cBK
_01
999 _c2537
_d2537